Music Quiz

Random Music or Spanish Quiz

Bands in Spanish Quiz Stats

 Plays Quiz not verified by Sporcle

Challenge
Share
Tweet
Embed
Score 0/35 Timer 10:00
0 Plays Today
Band Name in Spanish Band Name in English % Correct
Día VerdeGreen Day
89.6%
Los Ir-Ir'sThe Go-Go's
80%
Chicos de la PlayaBeach Boys
79.9%
CorazónHeart
79.5%
TrenTrain
79.4%
ReinaQueen
77.6%
SerpienteblancaWhitesnake
76%
BESOKISS
75.3%
No DudaNo Doubt
72.4%
Sr. SeñorMr. Mister
72%
Hombres a TrabajoMen At Work
66.3%
JuegafríoColdplay
65.5%
Los QuiénesThe Who
64.9%
Tres Puertas Más Abajo3 Doors Down
57%
Chicas EspeciasSpice Girls
51.7%
Guisantes Negros de OjosBlack Eyed Peas
49.6%
Muertos AgradecidosGrateful Dead
48.6%
Las ÁguilasThe Eagles
47.2%
Band Name in Spanish Band Name in English % Correct
The WolvesLos Lobos
44.7%
Mujeres DesnudadesnudasBarenaked Ladies
44%
Las Piedras RodantesThe Rolling Stones
42.9%
Púrpura ProfundaDeep Purple
42.8%
Parque VinculandLinkin Park
41.6%
Granate CincoMaroon 5
38.7%
ViajeJourney
37.6%
Jalea PerlaPearl Jam
36.4%
Renacimiento Créédito AguaclaraCreedence Clearwater Revival
34.8%
Boca AplastaSmash Mouth
34%
El Día de Reposo NegroBlack Sabbath
29.6%
Chico Caer a CaboFall Out Boy
28.3%
Cuervos ContandosCounting Crows
20.4%
El Bajotierra TerciopeloThe Velvet Underground
18.5%
Tonosjefes Poderoso PoderosoMighty Mighty Bosstones
11%
Estrechos ExtremasDire Straits
6.6%
Sinvergüenza PlannosRascal Flatts
1.7%

You're not logged in!

Compare scores with friends on all Sporcle quizzes.
Join for Free
OR
Log In

You Might Also Like...

Show Comments

Extras

Top Quizzes Today


Score Distribution

Your Account Isn't Verified!

In order to create a playlist on Sporcle, you need to verify the email address you used during registration. Go to your Sporcle Settings to finish the process.

Report this User

Report this user for behavior that violates our Community Guidelines.

Details: